00510nam a2200169 a 450000100100000000500170001000800410002702000180006804000250008608200160011111000270012724000180015424500490017226000370022130000200025850000620027800004663820201002053021.0180314s200- dr 000 0 spa d a9789945606041 aDO-SdBNPbspacBNPHU axxxxbR426L1 aRepública Dominicana10a[Leyes, etc.]10aLey No. 489-08 :bsobre arbitraje comercial. aSanto Domingo :bDalis,c[s.f.]. a24 p. ;c22 cm. aPublicada en G. O. no. 10502, del 30 de diciembre de 2008